| 000 | 01120nam a22003371i 4500 | ||
|---|---|---|---|
| 001 | 191409 | ||
| 003 | SpMaBN | ||
| 005 | 20240227112926.0 | ||
| 008 | 220922s1979 sp ||| | cat | ||
| 016 | 7 |
_abimoBNE19980160041 [ _2SpMaBN] |
|
| 017 |
_aB 4793-1979 _bOficina Depósito Legal Barcelona |
||
| 020 | _a84-7153-198-4 | ||
| 035 | _aIND9100232596 | ||
| 035 | _a(OCoLC)431589579 | ||
| 040 |
_aSpMaBN _bspa _cA2 |
||
| 080 | _a806.0-3=449 | ||
| 080 | _a804.99-3=60 | ||
| 245 | 0 | 0 | _aDiccionari manual castellà-català, català-castellà. |
| 250 | _a3ª ed. corr. y augm. | ||
| 260 |
_aBarcelona : _bBiblograf, _c1979. |
||
| 300 |
_aXXVIII, 300 p. ; _c20 cm. |
||
| 490 | 1 | _aVox | |
| 650 | 0 | 7 |
_aLengua española- _vDiccionarios- _xCatalán. _914140 |
| 650 | 7 |
_aLengua catalana- _vDiccionarios- _xEspañol. _914103 |
|
| 830 | 0 |
_aVox _9182574 |
|
| 852 |
_aES-MaACL _jA-15261 _9198609 _bR.141121 _cDEPO1 _dOlim: DIC-L 134.2=134.1 dic _hDonación: Jacinto Martinez Lacalle |
||
| 903 |
_9139376 _aMartínez Lacalle, Jacinto _ednr |
||
| 942 | _2udc | ||
| 999 |
_c191409 _d191409 |
||